Normal view
MARC view
- إدارة الأفراد - التطوير الاداري - البلاد العربية - مؤتمرات
Entry Topical Term
001 - CONTROL NUMBER
- control field: 34274
003 - CONTROL NUMBER IDENTIFIER
- control field: JO-AjAnu
005 - DATE AND TIME OF LATEST TRANSACTION
- control field: 20230606075737.0
008 - FIXED-LENGTH DATA ELEMENTS
- fixed length control field: 230606|| aca||aabn | a|a d
040 ## - CATALOGING SOURCE
- Original cataloging agency: JO-AjAnu
- Transcribing agency: JO-AjAnu
150 ## - HEADING--TOPICAL TERM
- Topical term or geographic name entry element: إدارة الأفراد - التطوير الاداري - البلاد العربية - مؤتمرات
670 ## - SOURCE DATA FOUND
- Source citation: Work cat.: (JO-AjAnu)17601: (طنجة-المغرب) مؤتمر إدارة الموارد البشرية ودورها في التطوير الإداري, author 34273, إدارة الموارد البشرية ودورها في التطوير الإداري : بحوث وأوراق عمل ندوة الاتجاهات الحديثة في التطوير الإداري وتحسين جودة الأداء المؤسسي